| 000 | 00862 a2200265 4500 | ||
|---|---|---|---|
| 001 | 19664 | ||
| 999 |
_c19664 _d9968 |
||
| 003 | TR-AnTOB | ||
| 005 | 20230606001019.0 | ||
| 008 | 041102s1991 tu tur | ||
| 020 | _a975160382X | ||
| 035 | _a19664 | ||
| 041 | _atur | ||
| 050 |
_aDR589 _b.J3419 1991 |
||
| 090 | _aDR589 .J3419 1991 | ||
| 100 |
_aJaeschke, Gottahard _912158 |
||
| 245 | 0 |
_aKurtuluş savaşı ile ilgili İngiliz belgeleri / _cGottahrd Jaeschke ; çev. Cemal Köprülü. |
|
| 250 | _a2. bs. | ||
| 264 | 1 |
_aAnkara : _bAtatürk Kültür, Dil ve Tarih Yüksek Kurumu Türk Tarih Kurumu, _c1991 |
|
| 300 |
_axiv, 316 s. ; _c24 cm. |
||
| 490 | 0 |
_aAtatürk Kültür, Dil ve Tarih Yüksek Kurumu Türk Tarih Kurumu Yayınları; XVI. _aSayı; 11 |
|
| 500 | _aIncludes index. | ||
| 651 | 0 |
_aTürkiye _xTarih _yKurtuluş Savaşı, 1918-1923 _910811 |
|
| 902 | _a0004736 | ||
| 942 | _cBK | ||